[Event "FIDE Women’s World Rapid Championships 2024"]
[White "Kashlinskaya, Alina"]
[Black "Maltsevskaya, Aleksandra"]
[Site "New York, USA"]
[Round "4"]
[Board "16"]
[Result "0-1"]
[Date "2024.12.26"]
[WhiteElo "2378"]
[BlackElo "2269"]
[PlyCount "132"]
[GameId "2127263878935100"]
[EventDate "2024.12.26"]
[EventType "rapid"]
[EventRounds "11"]
[EventCountry "FID"]

1. d4 Nf6 2. c4 e6 3. Nc3 d5 4. cxd5 exd5 5. Bg5 Be7 6. e3 h6 7. Bh4 Bg4 8. Qb3 Nbd7 9. Bd3 O-O 10. h3 Be6 11. Nf3 Nb6 12. O-O Ne4 13. Bxe7 Qxe7 14. Qc2 Nxc3 15. bxc3 c5 16. a4 Rfc8 17. a5 Nd7 18. Qb2 Rc7 19. Qa3 Rac8 20. Qb2 Qf6 21. Qe2 Bf5 22. Rab1 Qg6 23. Bxf5 Qxf5 24. Rb5 Nf6 25. dxc5 Rxc5 26. Rxb7 Rxa5 27. Nd4 Qe4 28. Qb2 Rac5 29. Rxa7 Rxc3 30. Qb7 Qg6 31. Nf5 R3c7 32. Ne7+ Kh7 33. Nxg6 Rxb7 34. Nf8+ Rxf8 35. Rxb7 Kg6 36. Ra1 h5 37. Raa7 Ne4 38. Rd7 Nf6 39. Ra6 Kf5 40. Rda7 Ne4 41. Ra8 Rxa8 42. Rxa8 h4 43. Rd8 Ke6 44. Kf1 g5 45. Ke2 f6 46. Kf3 Ke5 47. g3 Nd2+ 48. Ke2 hxg3 49. fxg3 Ne4 50. Re8+ Kf5 51. g4+ Kg6 52. Re7 f5 53. Re6+ Nf6 54. gxf5+ Kxf5 55. Re7 Ne4 56. Kd3 Nf2+ 57. Kd4 Nxh3 58. Kxd5 g4 59. e4+ Kf6 60. Re6+ Kg5 61. Re8 g3 62. e5 Nf4+ 63. Kd6 g2 64. Rg8+ Ng6 65. e6 g1=Q 66. e7 Qb6+ 0-1

[Event "FIDE Women’s World Rapid Championships 2024"]
[White "Mammadova, Gulnar"]
[Black "Kamalidenova, Meruert"]
[Site "New York, USA"]
[Round "4"]
[Board "17"]
[Result "1-0"]
[Date "2024.12.26"]
[WhiteElo "2289"]
[BlackElo "2368"]
[PlyCount "69"]
[GameId "2127263878935101"]
[EventDate "2024.12.26"]
[EventType "rapid"]
[EventRounds "11"]
[EventCountry "FID"]

1. e4 c5 2. Nf3 d6 3. Bb5+ Bd7 4. Bxd7+ Qxd7 5. c4 e5 6. Nc3 Nc6 7. d3 Be7 8. a3 f5 9. Nd5 Nf6 10. exf5 O-O 11. Nxf6+ Bxf6 12. g4 Rae8 13. Be3 e4 14. dxe4 Bxb2 15. Ra2 Bc3+ 16. Kf1 Kh8 17. Qd3 Bd4 18. Nxd4 Ne5 19. Qe2 cxd4 20. Bxd4 Qc6 21. Rc2 Qa4 22. Bxe5 Rxe5 23. Qd3 Rfe8 24. f3 b5 25. cxb5 d5 26. exd5 Rxd5 27. Re2 Qd1+ 28. Kf2 Rxe2+ 29. Qxe2 Qd4+ 30. Kg3 Re5 31. Rd1 h5 32. Rxd4 Rxe2 33. Rd8+ Kh7 34. g5 Re5 35. Kf4 1-0

[Event "FIDE Women’s World Rapid Championships 2024"]
[White "Kairbekova, Amina"]
[Black "Vaishali, Rameshbabu"]
[Site "New York, USA"]
[Round "4"]
[Board "18"]
[Result "0-1"]
[Date "2024.12.26"]
[WhiteElo "2256"]
[BlackElo "2355"]
[PlyCount "106"]
[GameId "2127263878939198"]
[EventDate "2024.12.26"]
[EventType "rapid"]
[EventRounds "11"]
[EventCountry "FID"]

1. e4 Nc6 2. Nf3 d6 3. d4 g6 4. d5 Nb8 5. Nc3 Bg7 6. Bc4 Nf6 7. O-O O-O 8. Re1 c6 9. dxc6 Nxc6 10. h3 Bd7 11. Nd5 Rc8 12. Bg5 Na5 13. Bf1 Be6 14. c3 h6 15. Bh4 g5 16. Bg3 Nc6 17. h4 Bg4 18. hxg5 hxg5 19. Qd2 Bxf3 20. gxf3 Nh7 21. f4 e6 22. Ne3 gxf4 23. Bxf4 Ne5 24. Bg2 Qf6 25. Nd1 Kh8 26. Rf1 Rg8 27. Bxe5 dxe5 28. f4 Rcd8 29. Qf2 Bh6 30. fxe5 Qg6 31. Re1 Rd2 32. Re2 Qxg2+ 33. Qxg2 Rxe2 34. Qxg8+ Kxg8 35. Kf1 Rxe4 36. Nf2 Rxe5 37. Rd1 Nf6 38. Rd8+ Kg7 39. Rb8 b6 40. Rb7 a5 41. c4 Be3 42. Nd3 Rh5 43. Ke2 Bd4 44. Nf4 Re5+ 45. Kd3 Bc5 46. a3 Re3+ 47. Kd2 Re4 48. Nd3 Ng4 49. b4 axb4 50. axb4 Bg1 51. Kc3 Ne5 52. c5 Nxd3 53. c6 Nxb4 0-1

[Event "FIDE Women’s World Rapid Championships 2024"]
[White "Garifullina, Leya"]
[Black "Priyanka, Nutakki"]
[Site "New York, USA"]
[Round "4"]
[Board "19"]
[Result "1-0"]
[Date "2024.12.26"]
[WhiteElo "2336"]
[BlackElo "2256"]
[PlyCount "85"]
[GameId "2127263878939199"]
[EventDate "2024.12.26"]
[EventType "rapid"]
[EventRounds "11"]
[EventCountry "FID"]

1. e4 Nc6 2. Nf3 d6 3. d4 Nf6 4. Nc3 Bg4 5. Be3 e5 6. d5 Ne7 7. h3 Bd7 8. a4 Ng6 9. a5 c5 10. Nd2 Rb8 11. Nc4 Be7 12. Bg5 Qc7 13. Na3 a6 14. Nc4 O-O 15. Bd3 Ne8 16. Be3 Nh4 17. O-O f5 18. f4 exf4 19. Bxf4 Ng6 20. exf5 Bxf5 21. Bh2 Bxd3 22. Qxd3 Nf6 23. Rae1 Rbd8 24. Re6 Nh5 25. Rxf8+ Nxf8 26. Re1 Bh4 27. Rf1 Nf6 28. Qf5 h6 29. g3 Bg5 30. h4 N8h7 31. hxg5 Nxg5 32. Kg2 Qe7 33. Bg1 Rf8 34. Be3 Ngh7 35. Bf4 Rd8 36. Rf2 Nf8 37. Re2 Qc7 38. Bxh6 Re8 39. Rxe8 Nxe8 40. Bg5 g6 41. Qe4 Qf7 42. Bf4 Qf6 43. Qxe8 1-0

[Event "FIDE Women’s World Rapid Championships 2024"]
[White "Munkhzul, Turmunkh"]
[Black "Cori T., Deysi"]
[Site "New York, USA"]
[Round "4"]
[Board "20"]
[Result "1-0"]
[Date "2024.12.26"]
[WhiteElo "2333"]
[BlackElo "2243"]
[PlyCount "83"]
[GameId "2127263878939200"]
[EventDate "2024.12.26"]
[EventType "rapid"]
[EventRounds "11"]
[EventCountry "FID"]

1. e4 e6 2. d4 d5 3. exd5 exd5 4. Nf3 Nc6 5. c3 Bd6 6. Bd3 Bg4 7. O-O Qd7 8. Qe1+ Nge7 9. Ne5 Nxe5 10. dxe5 Bc5 11. Be3 Bb6 12. Nd2 Bf5 13. Qe2 O-O 14. Nb3 Bxd3 15. Qxd3 Qf5 16. Qxf5 Nxf5 17. Bxb6 axb6 18. a3 Rfe8 19. Rfe1 c6 20. Rad1 g6 21. g3 h5 22. f4 Re7 23. Kf2 Rae8 24. Nd4 Nxd4 25. cxd4 f5 26. exf6 Rxe1 27. Rxe1 Rxe1 28. Kxe1 c5 29. h3 Kf7 30. g4 hxg4 31. hxg4 Kxf6 32. Kd2 Ke6 33. Kc3 Kd6 34. a4 Ke6 35. dxc5 bxc5 36. b4 Kd6 37. b5 b6 38. f5 gxf5 39. gxf5 Ke5 40. a5 bxa5 41. b6 Kd6 42. f6 1-0

[Event "FIDE Women’s World Rapid Championships 2024"]
[White "Sahithi, Varshini M"]
[Black "Uuriintuya, Uurtsaikh"]
[Site "New York, USA"]
[Round "4"]
[Board "21"]
[Result "0-1"]
[Date "2024.12.26"]
[WhiteElo "2329"]
[BlackElo "2188"]
[PlyCount "150"]
[GameId "2127263878939201"]
[EventDate "2024.12.26"]
[EventType "rapid"]
[EventRounds "11"]
[EventCountry "FID"]

1. e4 c5 2. Nf3 g6 3. d4 cxd4 4. Nxd4 Bg7 5. c4 Nc6 6. Be3 Qb6 7. Nb3 Qd8 8. Qd2 Nf6 9. Nc3 O-O 10. Be2 d6 11. O-O Be6 12. Nd4 Nxd4 13. Bxd4 a5 14. f4 a4 15. f5 Bd7 16. Qe3 Bc6 17. b4 axb3 18. axb3 Nd7 19. Bxg7 Kxg7 20. Rxa8 Qxa8 21. Nd5 Bxd5 22. exd5 Ne5 23. h4 Qa2 24. h5 Ra8 25. f6+ exf6 26. h6+ Kf8 27. Rxf6 Qa1+ 28. Rf1 Qa7 29. Qxa7 Rxa7 30. Kf2 Ra2 31. Rb1 Ng4+ 32. Ke1 Nxh6 33. b4 b6 34. c5 bxc5 35. bxc5 dxc5 36. d6 Ra8 37. d7 Ke7 38. Bb5 Rb8 39. Rd1 Nf5 40. Kf2 Nd4 41. Re1+ Ne6 42. Bc4 Kxd7 43. Ra1 Rb7 44. Ke3 Ke7 45. g4 Kf6 46. Rh1 Ng5 47. Rf1+ Kg7 48. Rc1 h6 49. Bd5 Rb4 50. Bc4 Ra4 51. Rc3 Ra1 52. Be2 Ne6 53. Bf3 Kf6 54. Rd3 Rb1 55. Rd6 c4 56. Rc6 Rb3+ 57. Kf2 c3 58. Bd5 Rb2+ 59. Kg3 Rd2 60. Bxe6 Rd3+ 61. Kf4 fxe6 62. Rc8 Rh3 63. Rf8+ Ke7 64. Rc8 Kd7 65. Rc4 Kd6 66. Ke4 h5 67. Kf4 Kd5 68. Rc8 hxg4 69. Kxg4 Rd3 70. Kf4 Rd4+ 71. Ke3 Rc4 72. Rd8+ Ke5 73. Rd1 c2 74. Rc1 g5 75. Kd3 Rc8 0-1

[Event "FIDE Women’s World Rapid Championships 2024"]
[White "Guichard, Pauline"]
[Black "Kurmangaliyeva, Liya"]
[Site "New York, USA"]
[Round "4"]
[Board "22"]
[Result "1/2-1/2"]
[Date "2024.12.26"]
[WhiteElo "2316"]
[BlackElo "2128"]
[PlyCount "140"]
[GameId "2127263878939202"]
[EventDate "2024.12.26"]
[EventType "rapid"]
[EventRounds "11"]
[EventCountry "FID"]

1. d4 f5 2. c4 e6 3. g3 Nf6 4. Bg2 d5 5. Nf3 Be7 6. b3 Ne4 7. Ba3 Bf6 8. O-O Nc6 9. e3 h5 10. Nfd2 h4 11. Nxe4 dxe4 12. Nc3 hxg3 13. hxg3 Qd7 14. b4 g5 15. b5 Qh7 16. Re1 Ne7 17. Kf1 Bd7 18. Qa4 Kf7 19. Ke2 Qh2 20. Rg1 Ng6 21. Qc2 Kg7 22. Nxe4 fxe4 23. Qxe4 Qh7 24. Rh1 Qg8 25. Rxh8 Qxh8 26. Qxb7 Rc8 27. Rh1 Qe8 28. Qxa7 e5 29. Bc5 Bxb5 30. cxb5 Qxb5+ 31. Kd2 Qb2+ 32. Kd3 Qxf2 33. Qb7 exd4 34. Qxc8 Qxe3+ 35. Kc4 Qe2+ 36. Kb3 Qxg2 37. Qxc7+ Ne7 38. Bxe7 Qxh1 39. Bxf6+ Kxf6 40. Qd6+ Kf5 41. Qxd4 Qf3+ 42. Qc3 Qd5+ 43. Kb2 Qb5+ 44. Qb3 Qe5+ 45. Kc2 Qe2+ 46. Kc3 Qe5+ 47. Kc4 Qe6+ 48. Kc5 Qe7+ 49. Kc6 Qe8+ 50. Kc7 Qe5+ 51. Kd7 Qg7+ 52. Ke8 Qh8+ 53. Kf7 Qf6+ 54. Kg8 Qg6+ 55. Kf8 Qd6+ 56. Ke8 Qc6+ 57. Kd8 Qa8+ 58. Kc7 Qa7+ 59. Kc6 Qa6+ 60. Kc5 Qa5+ 61. Kc4 Qc7+ 62. Kd4 Qe5+ 63. Kd3 Qxg3+ 64. Ke2 Qg2+ 65. Ke1 Qe4+ 66. Kf2 Qd4+ 67. Qe3 Qb2+ 68. Qe2 Qd4+ 69. Qe3 Qb2+ 70. Qe2 Qd4+ 1/2-1/2

[Event "FIDE Women’s World Rapid Championships 2024"]
[White "Sliwicka, Alicja"]
[Black "Tokhirjonova, Gulrukhbegim"]
[Site "New York, USA"]
[Round "4"]
[Board "23"]
[Result "1/2-1/2"]
[Date "2024.12.26"]
[WhiteElo "2206"]
[BlackElo "2307"]
[PlyCount "203"]
[GameId "2127263878943299"]
[EventDate "2024.12.26"]
[EventType "rapid"]
[EventRounds "11"]
[EventCountry "FID"]

1. e4 e5 2. Nf3 Nc6 3. Bb5 a6 4. Ba4 Nf6 5. Nc3 b5 6. Bb3 Be7 7. d3 d6 8. a3 h6 9. O-O Bg4 10. Be3 Nd4 11. Bxd4 exd4 12. Nd5 c6 13. Nxf6+ Bxf6 14. h3 Bd7 15. Nh2 O-O 16. Ng4 Be6 17. Nxf6+ Qxf6 18. Bxe6 fxe6 19. f4 c5 20. Qe2 e5 21. f5 Rac8 22. Rf3 c4 23. a4 Rf7 24. Rg3 cxd3 25. Qxd3 d5 26. axb5 dxe4 27. Qxe4 axb5 28. Qd5 Kh7 29. Rf1 Qe7 30. Qxb5 e4 31. Qb6 Qf6 32. Qxf6 Rxf6 33. Rg4 Rxc2 34. Rxe4 Rd6 35. Rd1 d3 36. b4 Rd5 37. Rf4 Rb2 38. Kf1 h5 39. Rf3 d2 40. Rf2 Kh6 41. f6 gxf6 42. Rxf6+ Kg5 43. Rf2 h4 44. b5 Rf5 45. b6 Rxf2+ 46. Kxf2 Kf4 47. b7 Rxb7 48. Rxd2 Rb4 49. Rd5 Rb2+ 50. Kg1 Rb4 51. Kh2 Re4 52. Rh5 Ke3 53. Rg5 Rf4 54. Re5+ Kf2 55. Ra5 Ke3 56. Ra3+ Kf2 57. Rb3 Ke2 58. Rb5 Kf2 59. Re5 Rd4 60. Rg5 Ke3 61. Rh5 Rf4 62. Rg5 Ke4 63. Rc5 Kd4 64. Ra5 Ke3 65. Ra3+ Kf2 66. g3 hxg3+ 67. Rxg3 Ra4 68. Rg4 Ra1 69. Rf4+ Ke3 70. Rf8 Ke4 71. h4 Ra3 72. Kg2 Ke5 73. h5 Ra7 74. Kg3 Rg7+ 75. Kh4 Rg1 76. Rf3 Ke6 77. h6 Rh1+ 78. Kg5 Rg1+ 79. Kh5 Rh1+ 80. Kg6 Rg1+ 81. Kh7 Ke7 82. Kh8 Rg2 83. Ra3 Kf7 84. Ra7+ Kf8 85. Rg7 Rh2 86. Rg6 Kf7 87. Kh7 Rh1 88. Rb6 Rg1 89. Rb7+ Kf6 90. Kh8 Rh1 91. h7 Rg1 92. Ra7 Rg2 93. Ra8 Kf7 94. Rg8 Rh2 95. Rg7+ Kf8 96. Rg5 Kf7 97. Rg7+ Kf8 98. Rg4 Rf2 99. Ra4 Rf1 100. Ra8+ Kf7 101. Ra7+ Kf8 102. Rg7 1/2-1/2

[Event "FIDE Women’s World Rapid Championships 2024"]
[White "Muzychuk, Mariya"]
[Black "Sultanbek, Zeinep"]
[Site "New York, USA"]
[Round "4"]
[Board "24"]
[Result "1-0"]
[Date "2024.12.26"]
[WhiteElo "2422"]
[BlackElo "2001"]
[PlyCount "91"]
[GameId "2127263878943300"]
[EventDate "2024.12.26"]
[EventType "rapid"]
[EventRounds "11"]
[EventCountry "FID"]

1. e4 c5 2. c3 d5 3. exd5 Qxd5 4. Nf3 Nc6 5. d4 Nf6 6. dxc5 Qxc5 7. Na3 Ng4 8. Qe2 Bf5 9. Nb5 O-O-O 10. Nbd4 Bg6 11. Nxc6 Qxc6 12. Nd4 Qd7 13. h3 Nf6 14. Bf4 e5 15. Bxe5 Bd6 16. O-O-O Kb8 17. Nb5 Qf5 18. Bxd6+ Rxd6 19. Nxd6 Qb1+ 20. Kd2 Qxb2+ 21. Ke1 Qxc3+ 22. Qd2 Qc6 23. Rc1 Qd7 24. Qf4 Ka8 25. Be2 Rd8 26. Rd1 Qe6 27. Qb4 Rd7 28. Qc5 a6 29. Kf1 Bc2 30. Qc8+ Ka7 31. Qxc2 Rxd6 32. Qc5+ Rb6 33. Bc4 Qe4 34. Bd3 Qa4 35. Rb1 Nd7 36. Qe3 Qxa2 37. Kg1 Qd5 38. Kh2 Nc5 39. Rxb6 Kxb6 40. Rb1+ Kc7 41. Rc1 Qd6+ 42. g3 b6 43. Bxa6 h5 44. h4 f6 45. Rc2 Qd7 46. Qf4+ 1-0

[Event "FIDE Women’s World Rapid Championships 2024"]
[White "Narva, Mai"]
[Black "Nurman, Alua"]
[Site "New York, USA"]
[Round "4"]
[Board "25"]
[Result "1/2-1/2"]
[Date "2024.12.26"]
[WhiteElo "2384"]
[BlackElo "2260"]
[PlyCount "147"]
[GameId "2127263878943301"]
[EventDate "2024.12.26"]
[EventType "rapid"]
[EventRounds "11"]
[EventCountry "FID"]

1. e4 c5 2. Nf3 d6 3. d4 cxd4 4. Nxd4 Nf6 5. Nc3 a6 6. Bc4 e6 7. Be3 Nbd7 8. a3 Nc5 9. f3 Qc7 10. Ba2 b5 11. Qd2 Be7 12. O-O-O Rb8 13. g4 Bd7 14. g5 Nh5 15. b4 Na4 16. Nxa4 bxa4 17. Kb2 O-O 18. Ne2 a5 19. c3 e5 20. Ng3 Nf4 21. Bxf4 exf4 22. Qxf4 Be6 23. Nf5 Bxa2 24. Nxe7+ Qxe7 25. Kxa2 Qc7 26. Qd2 Rfc8 27. Rc1 d5 28. exd5 Qc4+ 29. Ka1 Qb3 30. Qa2 Rxc3 31. Qxb3 Rxb3 32. Rhd1 Rxa3+ 33. Kb2 Rb3+ 34. Ka2 axb4 35. d6 Rc3 36. Rxc3 bxc3 37. Rc1 Rd8 38. Rxc3 f6 39. gxf6 Rxd6 40. fxg7 Kxg7 41. Ka3 Rd4 42. Rc7+ Kg6 43. Ra7 Rd3+ 44. Kxa4 Rxf3 45. Kb4 Rf2 46. Kc4 Rxh2 47. Kd4 Re2 48. Ra1 h5 49. Rg1+ Kh6 50. Rh1 Kg5 51. Kd3 Re8 52. Rg1+ Kf4 53. Rh1 Kg4 54. Rg1+ Kf3 55. Rh1 Rd8+ 56. Kc3 Rd5 57. Kc4 Kg2 58. Rh4 Kg3 59. Rh1 Rf5 60. Kd4 h4 61. Ke4 Rf8 62. Rg1+ Kh2 63. Rg4 h3 64. Ke3 Kh1 65. Ke2 h2 66. Rg7 Ra8 67. Kf2 Ra2+ 68. Kf1 Ra1+ 69. Kf2 Rg1 70. Ra7 Rg2+ 71. Kf1 Rg4 72. Rf7 Ra4 73. Kf2 Ra2+ 74. Kf1 1/2-1/2

[Event "FIDE Women’s World Rapid Championships 2024"]
[White "Tsolakidou, Stavroula"]
[Black "Balabayeva, Xeniya"]
[Site "New York, USA"]
[Round "4"]
[Board "26"]
[Result "1-0"]
[Date "2024.12.26"]
[WhiteElo "2381"]
[BlackElo "2247"]
[PlyCount "93"]
[GameId "2127263878943302"]
[EventDate "2024.12.26"]
[EventType "rapid"]
[EventRounds "11"]
[EventCountry "FID"]

1. e4 c6 2. d4 d5 3. e5 Bf5 4. Nd2 e6 5. Nb3 Nd7 6. Nf3 h6 7. Be2 g5 8. O-O Bg7 9. Ne1 Ne7 10. f4 gxf4 11. Bxf4 O-O 12. Qd2 Kh7 13. Bd3 f6 14. exf6 Nxf6 15. Nc5 Ne4 16. Bxe4 dxe4 17. c3 b6 18. Nb7 Qd7 19. Nd6 Nd5 20. Bg3 Bg6 21. Nc2 c5 22. dxc5 Qc6 23. Qe2 Qxc5+ 24. Kh1 e3 25. Nb4 Nxb4 26. cxb4 Qd4 27. Rfd1 Qxb2 28. Qxe3 Qxb4 29. Rac1 Qg4 30. h3 Qg5 31. Qxg5 hxg5 32. Rc7 Kg8 33. Re1 Bf5 34. Be5 Bxe5 35. Rxe5 Rf6 36. g4 Bg6 37. Rxg5 Kf8 38. Rd7 Bf7 39. h4 a6 40. Kg2 Be8 41. Nxe8 Rxe8 42. Rh7 Rf4 43. h5 Ra4 44. h6 Rxa2+ 45. Kg3 Ra3+ 46. Kh4 Ra1 47. Rgg7 1-0

[Event "FIDE Women’s World Rapid Championships 2024"]
[White "Khademalsharieh, Sarasadat"]
[Black "Mou, Iris"]
[Site "New York, USA"]
[Round "4"]
[Board "27"]
[Result "1/2-1/2"]
[Date "2024.12.26"]
[WhiteElo "2359"]
[BlackElo "2226"]
[PlyCount "131"]
[GameId "2127263878943303"]
[EventDate "2024.12.26"]
[EventType "rapid"]
[EventRounds "11"]
[EventCountry "FID"]

1. d4 d5 2. c4 e6 3. Nc3 c5 4. cxd5 cxd4 5. Qxd4 Nc6 6. Qd1 exd5 7. e3 Nf6 8. Nf3 Bb4 9. Be2 O-O 10. O-O a6 11. Nd4 Bxc3 12. bxc3 Ne4 13. Qc2 Qc7 14. c4 Nxd4 15. exd4 Nf6 16. c5 Re8 17. Bd3 Bd7 18. Bg5 Ne4 19. Be3 h6 20. Rab1 Rac8 21. Qb3 Bc6 22. Rfe1 Re7 23. f3 Nf6 24. Bf2 Rce8 25. Rxe7 Rxe7 26. Bg3 Qd8 27. Bh4 Re6 28. Qc3 Qe8 29. Qd2 Nd7 30. Kf2 Qc8 31. Bf5 Re8 32. Bd3 Nf8 33. Bg3 Ne6 34. Bf5 Qd8 35. Re1 Qf6 36. Bxe6 Rxe6 37. Be5 Qe7 38. g3 Qe8 39. Re3 Bb5 40. Bf4 Rxe3 41. Bxe3 Qe6 42. Kg2 Qf5 43. Qd1 Qd3 44. Qxd3 Bxd3 45. Bf4 f6 46. Bd6 Kf7 47. Kf2 Ke6 48. Ke3 Bc4 49. a3 h5 50. h4 g6 51. Kf4 Bd3 52. g4 Bc4 53. Bc7 Bd3 54. Bd8 Bc4 55. Ke3 Bb3 56. Kf2 Bd1 57. Kg3 Be2 58. Kf4 Bd1 59. g5 f5 60. Ke3 Kd7 61. Bf6 Ke6 62. f4 Kd7 63. Kd2 Ba4 64. Kc3 Kc6 65. Kb4 Bd1 66. Ka5 1/2-1/2

[Event "FIDE Women’s World Rapid Championships 2024"]
[White "Vantika, Agrawal"]
[Black "Kaldarova, Ayaulym"]
[Site "New York, USA"]
[Round "4"]
[Board "28"]
[Result "1-0"]
[Date "2024.12.26"]
[WhiteElo "2352"]
[BlackElo "2011"]
[PlyCount "73"]
[GameId "2127263878947400"]
[EventDate "2024.12.26"]
[EventType "rapid"]
[EventRounds "11"]
[EventCountry "FID"]

1. d4 e6 2. c4 b6 3. g3 Bb7 4. Nf3 Bb4+ 5. Bd2 Bxf3 6. exf3 Bxd2+ 7. Qxd2 Ne7 8. d5 O-O 9. Nc3 d6 10. Bd3 Nd7 11. O-O-O a6 12. dxe6 fxe6 13. f4 Rb8 14. Rhe1 e5 15. fxe5 Nxe5 16. Bc2 b5 17. c5 Nc4 18. Qd3 Ng6 19. Qd5+ Kh8 20. Ne4 Qd7 21. Qh5 Rf5 22. Ng5 Rxg5 23. Qxg5 Qf7 24. Qf5 Qg8 25. Qe6 Qf8 26. f4 dxc5 27. f5 Nge5 28. Rxe5 Nxe5 29. Qxe5 Re8 30. Qxc7 c4 31. Qd6 Qf7 32. Qd7 Qh5 33. Kb1 Rf8 34. Qe7 Kg8 35. Rd7 Qg4 36. f6 h5 37. f7+ 1-0

[Event "FIDE Women’s World Rapid Championships 2024"]
[White "Zhukova, Natalia"]
[Black "Zhu, Chen"]
[Site "New York, USA"]
[Round "4"]
[Board "29"]
[Result "0-1"]
[Date "2024.12.26"]
[WhiteElo "2242"]
[BlackElo "2330"]
[PlyCount "138"]
[GameId "2127263878947401"]
[EventDate "2024.12.26"]
[EventType "rapid"]
[EventRounds "11"]
[EventCountry "FID"]

1. c4 d6 2. Nc3 Nf6 3. d4 g6 4. e4 Bg7 5. Be2 O-O 6. Nf3 Bg4 7. Be3 e5 8. d5 Na6 9. h3 Bxf3 10. Bxf3 c6 11. O-O h5 12. Rb1 c5 13. a3 Nd7 14. Be2 Qe7 15. Nb5 Rfc8 16. b4 b6 17. Nc3 Qf8 18. Qa4 Nab8 19. Qc2 Bh6 20. Qd2 Bxe3 21. Qxe3 Qe7 22. g3 h4 23. Qh6 hxg3 24. fxg3 Nf8 25. Rf2 Nbd7 26. Rbf1 f6 27. h4 cxb4 28. axb4 a6 29. Qe3 Rc7 30. g4 Rac8 31. g5 fxg5 32. hxg5 Nh7 33. Rg2 b5 34. Bg4 Rxc4 35. Be6+ Kg7 36. Ne2 Rf8 37. Ra1 Nb8 38. Ra3 Rxb4 39. Qd2 Rb1+ 40. Kh2 Rff1 41. Ng3 Rf4 42. Ne2 Rh4+ 43. Rh3 Rxh3+ 44. Bxh3 Rb3 45. Ng3 Nd7 46. Nf5+ gxf5 47. exf5 Qf7 48. f6+ Ndxf6 49. gxf6+ Kh8 50. Be6 Qh5+ 51. Kg1 Rb1+ 52. Kf2 Qh4+ 53. Ke2 Qe4+ 54. Kf2 Qh4+ 55. Ke2 Nxf6 56. Qc2 Qe1+ 57. Kf3 e4+ 58. Kf4 Qh4+ 59. Ke3 Re1+ 60. Kd2 e3+ 61. Kc3 Qc4+ 62. Kb2 Qb4+ 63. Ka2 Qa5+ 64. Kb3 Qa4+ 65. Kc3 Ne4+ 66. Kd3 Nc5+ 67. Kc3 b4+ 68. Kd4 b3+ 69. Qc4 Rd1+ 0-1

[Event "FIDE Women’s World Rapid Championships 2024"]
[White "Peycheva, Gergana"]
[Black "Lu, Miaoyi"]
[Site "New York, USA"]
[Round "4"]
[Board "30"]
[Result "1-0"]
[Date "2024.12.26"]
[WhiteElo "2222"]
[BlackElo "2317"]
[PlyCount "81"]
[GameId "2127263878947402"]
[EventDate "2024.12.26"]
[EventType "rapid"]
[EventRounds "11"]
[EventCountry "FID"]

1. d4 Nf6 2. c4 e6 3. Nc3 Bb4 4. e3 O-O 5. Bd2 d5 6. Nf3 b6 7. cxd5 exd5 8. Rc1 c5 9. Bd3 c4 10. Bb1 Bg4 11. Qc2 Bxf3 12. gxf3 Nc6 13. Ne2 Bd6 14. e4 Nb4 15. Qc3 Be7 16. e5 Ne8 17. f4 f5 18. Qh3 g6 19. Rg1 Ng7 20. Bxb4 Bxb4+ 21. Kf1 b5 22. Bc2 Ba5 23. Qf3 Qd7 24. h4 Kh8 25. Ng3 h5 26. Qe3 Bb6 27. Ne2 Kh7 28. Qg3 Qf7 29. Qf3 Rad8 30. Rd1 Ne6 31. Kg2 a5 32. Kh3 Qe8 33. Rg2 Rg8 34. Rdg1 Rg7 35. Rxg6 Rxg6 36. Bxf5 Nf8 37. Qxh5+ Kg7 38. Bxg6 Nxg6 39. f5 Kf8 40. Rxg6 Rd7 41. Qh8+ 1-0

[Event "FIDE Women’s World Rapid Championships 2024"]
[White "Abrahamyan, Tatev"]
[Black "Heinemann, Josefine"]
[Site "New York, USA"]
[Round "4"]
[Board "31"]
[Result "1-0"]
[Date "2024.12.26"]
[WhiteElo "2305"]
[BlackElo "2218"]
[PlyCount "74"]
[GameId "2127263878947403"]
[EventDate "2024.12.26"]
[EventType "rapid"]
[EventRounds "11"]
[EventCountry "FID"]

1. e4 c5 2. Nf3 d6 3. d4 cxd4 4. Nxd4 Nf6 5. Nc3 a6 6. Nb3 e6 7. g4 b5 8. g5 Nfd7 9. a3 Bb7 10. Be3 Be7 11. h4 Nc6 12. f4 Rc8 13. Bg2 Nb6 14. Qe2 Nc4 15. O-O-O N6a5 16. Kb1 Nxb3 17. cxb3 Nxa3+ 18. bxa3 Rxc3 19. Bd4 Rxb3+ 20. Ka2 Rg3 21. Bxg7 Rg8 22. Bb2 Qb6 23. Rh3 Rxh3 24. Bxh3 Kd7 25. f5 Qc6 26. fxe6+ fxe6 27. Rd4 Re8 28. Qh5 Kc7 29. Bxe6 Bd8 30. Qxh7+ Re7 31. Qf5 Qe8 32. Bd5 Re5 33. Qf4 Bxd5+ 34. Rxd5 Rxd5 35. exd5 Qe2 36. Qd4 Kb7 37. Qc3 Bb6 1-0

[Event "FIDE Women’s World Rapid Championships 2024"]
[White "Mamedjarova, Turkan"]
[Black "Bodnaruk, Anastasia"]
[Site "New York, USA"]
[Round "4"]
[Board "32"]
[Result "1/2-1/2"]
[Date "2024.12.26"]
[WhiteElo "2109"]
[BlackElo "2302"]
[PlyCount "118"]
[GameId "2127263878947404"]
[EventDate "2024.12.26"]
[EventType "rapid"]
[EventRounds "11"]
[EventCountry "FID"]

1. d4 Nf6 2. c4 g6 3. Nc3 Bg7 4. Nf3 O-O 5. Bg5 c5 6. e3 d6 7. Be2 h6 8. Bh4 Bf5 9. O-O Nbd7 10. a3 e5 11. dxe5 dxe5 12. Bd3 Be6 13. Bxf6 Bxf6 14. Qc2 Bg7 15. Rad1 f5 16. e4 f4 17. Be2 Re8 18. b4 cxb4 19. axb4 a5 20. bxa5 Qxa5 21. Nh4 Kh7 22. Nf5 Bf8 23. Nd6 Reb8 24. Ncb5 Nc5 25. Qb2 Bg7 26. Ra1 Qb6 27. h3 h5 28. Rxa8 Rxa8 29. Ra1 Rd8 30. Rd1 Bg8 31. Rd2 Ne6 32. Qc1 Bf8 33. Qd1 Nd4 34. Nxd4 exd4 35. c5 Qc6 36. e5 Bd5 37. Bxh5 Be4 38. Nf7 Re8 39. Ng5+ Kh6 40. Nxe4 Qxe4 41. Bf3 Qxe5 42. Re2 Qb8 43. Rxe8 Qxe8 44. Qxd4 Kh7 45. Bxb7 Qe1+ 46. Kh2 Qc1 47. Qd7+ Kh6 48. c6 Bc5 49. Qd8 Bxf2 50. Qh8+ Kg5 51. Qe5+ Kh6 52. Qh8+ Kg5 53. h4+ Bxh4 54. Qe5+ Kh6 55. Qh8+ Kg5 56. Qd8+ Kh5 57. Qh8+ Kg5 58. Qe5+ Kh6 59. Qh8+ Kg5 1/2-1/2

[Event "FIDE Women’s World Rapid Championships 2024"]
[White "Kaliakhmet, Elnaz"]
[Black "Charkhalashvili, Inga"]
[Site "New York, USA"]
[Round "4"]
[Board "33"]
[Result "0-1"]
[Date "2024.12.26"]
[WhiteElo "2162"]
[BlackElo "2289"]
[PlyCount "148"]
[GameId "2127263878951501"]
[EventDate "2024.12.26"]
[EventType "rapid"]
[EventRounds "11"]
[EventCountry "FID"]

1. d4 Nf6 2. c4 e6 3. Nf3 d5 4. Nc3 Bb4 5. Qa4+ Nc6 6. e3 O-O 7. Qc2 Be7 8. a3 a6 9. Bd3 dxc4 10. Bxc4 b5 11. Bd3 Bb7 12. Ne4 h6 13. Nc5 Bxc5 14. Qxc5 Qd6 15. Qxd6 cxd6 16. Bd2 Rfc8 17. Ke2 Ne7 18. Bb4 Ne8 19. e4 a5 20. Bd2 Bc6 21. b3 Nf6 22. e5 dxe5 23. dxe5 Nd7 24. Rhc1 Nc5 25. Bc2 Bd5 26. Rab1 Nc6 27. Be3 Nd7 28. Bd3 b4 29. axb4 axb4 30. Bc4 Ra2+ 31. Kf1 Be4 32. Ra1 Rxa1 33. Rxa1 Ncxe5 34. Nxe5 Nxe5 35. Be2 Rc2 36. Bd1 Rc8 37. Bd2 Nc6 38. f3 Bd5 39. Ra4 Rb8 40. Kf2 e5 41. Bc2 Nd4 42. Be4 Bxe4 43. fxe4 Nxb3 44. Rxb4 Rxb4 45. Bxb4 Nd4 46. Bc3 Nc6 47. Ke3 Kf8 48. Kd3 Ke7 49. Kc4 Ke6 50. Kd3 h5 51. h4 Ne7 52. Ke3 Nc8 53. Bb4 Nd6 54. g3 g6 55. Kf3 f5 56. exf5+ gxf5 57. Ba3 Kd5 58. Bb4 Nc4 59. Bc3 Na3 60. Bb2 Nb5 61. Bc1 Nd4+ 62. Ke3 Nb3 63. Bb2 Na5 64. Bc3 Nb7 65. Kf3 Nc5 66. Ke3 Ne4 67. Be1 Kc4 68. Ke2 Kd4 69. Kf3 Kd3 70. Bb4 Nd2+ 71. Kf2 e4 72. Bc5 Nb3 73. Be3 Na1 74. Bf4 Nc2 0-1